000 01578nam a2200289Ia 4500
003 OSt
005 20210208161548.0
008 191128t2014 ck aodbgr 000 0 spa d
040 _aCO-JMCR
_cCO-JMCR
041 0 _aspa
082 0 4 _a665.5 /
_bR934m
_223
100 1 _aRuíz, Jairo Francisco,
_eautor
_913170
245 1 3 _aEl mundo de los hidrocarburos en Colombia /
_cJairo Francisco Ruíz, Álvaro Humberto Montoya, Sergio Antonio Cristancho, [y 9 más.]
260 _aBogotá :
_bPortafolio,
_c©2014
300 _a64 páginas :
_bilustraciones, fotografías, gráficos y mapas a color ;
_c30 cm.
500 _aIncluye glosario.
505 0 _aOrigen e historia del petroleo -- Exploración -- Caracterización del yacimiento -- Producción -- Derivados del petróleo, fuente de bienestar -- El petróleo se mueve -- Política del petróleo y medioambiente -- Futuro, innovación y tecnología
520 3 _aColeccionable compuesto por 8 fascículos, en los cuales se explican aspectos generales en la industria, procurando ilustrar técnicas, avances tecnológicos, procedimientos y el cuidado que se tiene con la extracción y manejo de este recurso natural no renovable.
650 1 4 _aHistoria del petróleo
_913171
650 1 4 _aHistoria de la industria del petróleo
_913172
650 1 4 _aProductos del petróleo
_913173
650 1 4 _aHidrocarburos
_xterminología
_913174
650 1 4 _aPetróleo
_xaspectos ambientales
_913175
700 1 _aMontoya, Álvaro Humberto,
_eautor
_913176
700 1 _aCristancho, Sergio Antonio,
_eautor
_913177
942 _2ddc
_cBK
999 _c4819
_d4819